Sports Quiz

Random Sports or Country Quiz

Recent UEFA CL Teams Quiz Stats

 Plays Quiz not verified by Sporcle

Challenge
Share
Tweet
Embed
Score 0/92 Timer 14:00
0 Plays Today
Country Team % Correct
EnglandManchester United
99.4%
EnglandChelsea
99.4%
EnglandArsenal
99.1%
EnglandLiverpool
98.8%
SpainReal Madrid
96.5%
SpainBarcelona
96.5%
ItalyAC Milan
95.4%
ItalyInternazionale
94.8%
ItalyJuventus
93.9%
FranceOlympique Lyonnais
93.1%
GermanyBayern Munich
92.5%
SpainValencia CF
91.9%
NetherlandsAjax Amsterdam
90.8%
ItalyAS Roma
90.5%
PortugalFC Porto
86.5%
FranceOlympique de Marseille
85.9%
NetherlandsPSV Eindhoven
85.6%
ScotlandCeltic
85.3%
ScotlandRangers
85.3%
ItalyLazio
84.7%
SpainAtletico Madrid
83.6%
PortugalSporting Club de Portugal
83%
EnglandNewcastle United
82.7%
UkraineDynamo Kiev
82.4%
SpainSevilla
82.1%
EnglandLeeds United
81%
FranceParis Saint-Germain
80.7%
PortugalBenfica
80.1%
FranceBordeaux
79.8%
TurkeyGalatasaray
79.5%
RussiaCSKA Moscow
78.7%
Country Team % Correct
SpainVillarreal CF
78.7%
SpainDeportivo la Coruna
78.4%
GermanyBayer 04 Leverkusen
77.2%
ItalyFiorentina
75.8%
BelgiumRoyal Anderlecht
75.2%
GermanyWerder Bremen
73.8%
NetherlandsFeyenoord
73.8%
TurkeyFenerbahce
72%
GermanyBorussia Dortmund
71.2%
Czech RepublicSparta Prague
70%
FranceAS Monaco
70%
FranceLille OSC
69.7%
TurkeyBesiktas
69.5%
GermanyVfB Stuttgart
69.5%
GermanyVfL Wolfsburg
68.6%
RussiaZenit St Petersburg
68.6%
GreecePanathinaikos
67.7%
RussiaSpartak Moscow
67.7%
GermanyHamburger SV
66.3%
BelguimClub Brugge
66%
NetherlandsAlkmaar Zaanstreek
65.7%
GreeceAEK Athens
65.4%
DenmarkCopenhagen
65.4%
GermanySchalke 04
64.6%
SwitzerlandFC Basel
64.3%
RomaniaSteaua Bucuresti
61.1%
NorwayRosenborg
60.2%
SwitzerlandFC Zurich
60.2%
SpainReal Betis
58.8%
GreeceOlympiacos
57.9%
IsraelMaccabi Haifa
57.9%
Country Team % Correct
AustriaRapid Wien
57.9%
BelgiumStandard Liege
57.1%
UkraineShakhtar Donetsk
56.8%
ItalyUdinese
56.2%
RussiaRubin Kazan
55.9%
RussiaLokomotiv Moscow
51.9%
FranceFC Nantes
50.4%
SpainRCD Mallorca
49.6%
RomaniaCFR Cluj
49.3%
CyprusAPOEL
47.8%
FranceAJ Auxerre
46.4%
PortugalBoavista
46.4%
SpainCelta de Vigo
45.2%
IsraelMaccabi Tel Aviv
45.2%
Czech RepublicSlavia Prague
45%
FranceRC Lens
43.5%
SpainReal Sociedad
41.2%
BulgariaLevski Sofia
40.1%
SerbiaPartizan Belgrade
39.5%
BelarusBATE
38.9%
DenmarkAalborg BK
38.6%
BelgiumRacing Genk
37.8%
AustriaSK Sturm Graz
37.2%
NetherlandsHeerenveen
35.2%
HungaryDebrecen
34.3%
CyprusAnorthosis Famagusta
32.3%
RomaniaUnirea Urziceni
32.3%
SwitzerlandFC Thun 1898
25.9%
SwedenHelsingborgs IF
21%
SlovakiaMFK Petrzalka
17.6%

You're not logged in!

Compare scores with friends on all Sporcle quizzes.
Join for Free
OR
Log In

You Might Also Like...

Show Comments

Extras

Top Quizzes Today


Score Distribution

Your Account Isn't Verified!

In order to create a playlist on Sporcle, you need to verify the email address you used during registration. Go to your Sporcle Settings to finish the process.

Report this User

Report this user for behavior that violates our Community Guidelines.

Details: